<?xml version="1.0" encoding="UTF-8"?>
<collection xmlns="http://www.loc.gov/MARC21/slim">
 <record>
  <leader>00492pamaa2200157   4500</leader>
  <controlfield tag="001">0000033422</controlfield>
  <controlfield tag="005">20110405090000.0</controlfield>
  <datafield tag="020" ind1="0" ind2="0">
   <subfield code="a">1556230605 </subfield>
  </datafield>
  <datafield tag="082" ind1=" " ind2=" ">
   <subfield code="a">338.7 BEV 1988</subfield>
  </datafield>
  <datafield tag="090" ind1="0" ind2="0">
   <subfield code="a">HF5386 </subfield>
   <subfield code="b">BEV 1988</subfield>
  </datafield>
  <datafield tag="100" ind1="1" ind2="0">
   <subfield code="a">BEVERIDGE </subfield>
  </datafield>
  <datafield tag="245" ind1="1" ind2="4">
   <subfield code="a">The achievement challenge : </subfield>
   <subfield code="b">how to be a 10 in business  </subfield>
   <subfield code="c">Don Beveridge and Jeffrey P. Davidson.</subfield>
  </datafield>
  <datafield tag="260" ind1="0" ind2="0">
   <subfield code="a">Illinois: </subfield>
   <subfield code="b">Dow Jones-Irwin, </subfield>
   <subfield code="c">1988.</subfield>
  </datafield>
  <datafield tag="300" ind1=" " ind2=" ">
   <subfield code="a">xiii, 167p.: </subfield>
   <subfield code="b">ill.; </subfield>
   <subfield code="c">22cm.</subfield>
  </datafield>
  <datafield tag="650" ind1="0" ind2="0">
   <subfield code="a">Business -- </subfield>
   <subfield code="x">Enterprise </subfield>
  </datafield>
  <datafield tag="700" ind1="1" ind2="1">
   <subfield code="a">DAVIDSON, </subfield>
   <subfield code="h">Jeffrey P </subfield>
  </datafield>
 </record>
</collection>
